[Event "22nd ECCC Women 2017"]
[Site "Antalya"]
[Date "2017.10.09"]
[Round "2"]
[White "Nechaeva, Marina"]
[Black "Voit, Daria"]
[Result "1-0"]
[WhiteElo "2431"]
[BlackElo "2387"]
[Annotator "TA"]
[PlyCount "69"]
[EventType "team-tourn"]
[EventCountry "TUR"]
[SourceTitle "playchess.com"]
[Source "ChessBase"]
[SourceQuality "1"]
[WhiteTeam "UGRA"]
[BlackTeam "Legacy Square Capital"]

{[%evp 31,69,0,0,0,0,2,35,5,90,27,112,114,87,63,62,45,108,82,119,61,108,98,102,104,181,135,529,529,525,518,459,368,1007,974,29991,29992,29992,29993,29993,29994]} 1. d4 Nf6 2. c4 e6 3. Nc3 Bb4 4. Nf3 c5 5. g3 O-O 6. Bg2 cxd4 7. Nxd4 d5 8. cxd5 Nxd5 9. Qb3 Qa5 10. Bd2 Nc6 11. Nxc6 bxc6 12. O-O Bxc3 {E20: Nimzo-Indian: 4 g3 and 4 f3} 13. bxc3 Ba6 14. Rfd1 Qc5 15. e4 Bc4 16. Qc2 (16. Qa4 Nb6 17. Qb4 Qh5 18. Re1 c5 19. Qa5 Rfc8 20. Bf4 {½-½ (28) Rodshtein,M (2695)-Adams,M (2738) Tbilisi 2017}) 16... Nb6 {LiveBook: 3 Games} 17. Be3 Qa5 18. Qb2 $146 ({Predecessor:} 18. f4 Bb5 19. a4 Bxa4 20. Rd4 Bxc2 21. Rxa5 Rfc8 22. Rb4 h6 23. c4 Bd3 24. Bf1 c5 25. Bxc5 Bxe4 {½-½ (25) Sergienko,S (2449)-Ahmed,S (2379) Moscow 2008}) 18... Rfd8 19. Qb4 Qa6 (19... Rxd1+ $11 {keeps the balance.} 20. Rxd1 Qxa2) 20. h4 ({Better is} 20. Rxd8+ $16 Rxd8 21. a4) 20... h6 {[#]} (20... Bd3 $11) 21. Rxd8+ $1 $16 Rxd8 22. a4 {[%cal Ba2a4,Ba4a5][%mdl 32]} Rd7 23. Kh2 Be2 (23... Bd3 $14) 24. Bd4 Bd3 25. Qc5 (25. a5 $16 Rb7 26. Qd6) 25... Qc8 26. a5 Nc4 27. Ra4 Nd6 {[#]} (27... Nd2 $16) 28. Bxg7 $1 $40 {[%mdl 640] White has strong attack.} Nxe4 $2 {[%mdl 8192]} (28... Kxg7 $16 {is tougher.} 29. Qd4+ {[#]} e5 $1 {[%mdl 512]} 30. Qxd3 Nb5) 29. Bxe4 $18 Bxe4 30. Bxh6 {Intending Qg5+ and mate.} ({Weaker is} 30. Rxe4 Kxg7 31. Rc4 Qb8 $16) 30... f5 31. Qe5 Qe8 $2 (31... Kh7 32. Be3 Qf8) 32. Rb4 Qg6 33. Rb8+ {White mates.} Kf7 34. Qh8 {[%csl Gb8,Gh6][%cal Rh8f8]} e5 35. Qe8+ {Precision: White = 61%, Black = 25%.} 1-0

[Event "22nd ECCC Women 2017"]
[Site "Antalya"]
[Date "2017.10.11"]
[Round "2"]
[White "Melia, Salome"]
[Black "Balajayeva, Khanim"]
[Result "0-1"]
[WhiteElo "2412"]
[BlackElo "2319"]
[Annotator "TA"]
[PlyCount "90"]
[EventType "team-tourn"]
[EventCountry "TUR"]
[WhiteTeam "Batumi"]
[BlackTeam "Odlar Yurdu"]

{[%evp 25,90,20,24,23,35,22,41,25,25,20,21,12,13,-16,-4,-34,-28,-28,-37,-68,-73,-142,-132,-128,-145,-154,-152,-151,-133,-135,-85,-182,-167,-187,-193,-185,-194,-187,-187,-227,-167,-180,-187,-187,-184,-200,-187,-178,-198,-483,-460,-939,-941,-927,-912,-29978,-29979,-29979,-29980,-29980,-29981,-29981,-29982,-29980,-29980,-29992,-29993]} 1. e4 e5 2. Nf3 Nc6 3. Bc4 Nf6 4. d3 Bc5 5. O-O d6 6. c3 O-O 7. h3 a6 8. Bb3 h6 9. Re1 Ba7 10. Nbd2 Ne7 11. Nf1 Ng6 12. Ng3 Be6 {C54: Giuoco Piano: 4 c3 Nf6, main lines with 5 d4 and 5 d3} 13. Bc2 c5 {LiveBook: 3 Games} 14. d4 (14. Bd2 Qd7 15. Qc1 Rfe8 16. a4 a5 17. c4 {½-½ (26) Wei,Y (2706)-Bu,X (2698) Shenzhen 2016}) 14... Qc7 $146 {White has an edge.} ({Predecessor:} 14... cxd4 15. cxd4 Re8 16. Be3 exd4 17. Nxd4 Bd7 18. Ndf5 Bxe3 19. Rxe3 Bxf5 20. Nxf5 {½-½ (36) Degraeve,J (2562)-Delorme,A (2475) Marseille 2010}) 15. d5 Bd7 16. c4 b5 17. Bd3 Bb6 18. Nh2 Ba5 19. Rf1 Rfb8 20. Ng4 Nxg4 21. hxg4 Nf4 $36 {[%mdl 2048] Black has good play.} 22. Bxf4 exf4 23. Nh5 ({White should play} 23. Nf5) 23... bxc4 $17 24. Bxc4 Rxb2 25. Nxf4 Qd8 26. Qf3 Rb4 27. Rac1 Qg5 28. a3 (28. Nd3 $17 {is a better defense.} Rb6 29. Qg3) 28... Ra4 29. Rc2 Bxg4 30. Qe3 Bd8 {[%cal Ba5d8,Bd8f6,Bf6e5,Be5f4][%mdl 32]} 31. g3 {intending Qb3.} Rb8 32. Qd3 Bc8 33. Rc3 Bf6 34. Rb3 {[#]} Rxb3 $1 35. Qxb3 Bd7 36. Qb8+ Kh7 37. Bd3 $2 (37. Qxd6 Rxc4 38. Qxd7 Rxe4 39. Kh1) 37... Be5 $19 38. Ne2 (38. Qa7 $142 Bxf4 39. Qxd7 Rxa3 40. Qxf7 Bxg3 41. Rd1) 38... Rxa3 39. Qb1 Qg4 40. Kg2 Qh3+ {Black mates.} 41. Kg1 Bg4 42. Nf4 Bxf4 $1 43. e5+ g6 44. Qb7 Bd7 45. e6 Rxd3 {Precision: White = 30%, Black = 82%.} 0-1

[Event "22nd ECCC Women 2017"]
[Site "Antalya"]
[Date "2017.10.11"]
[Round "2"]
[White "Kovalevskaya, Ekaterina"]
[Black "Pogonina, Natalija"]
[Result "1/2-1/2"]
[WhiteElo "2411"]
[BlackElo "2466"]
[Annotator "TA"]
[PlyCount "123"]
[EventType "team-tourn"]
[EventCountry "TUR"]
[WhiteTeam "Legacy Square Capital"]
[BlackTeam "UGRA"]

{[%evp 24,123,0,0,12,10,18,9,11,0,0,0,0,-7,-7,-23,-14,-45,-34,-39,-39,-41,-46,-58,-54,-55,-24,-49,-35,-39,-25,-30,-31,-47,-19,-40,-37,-28,-12,-11,0,-6,0,0,0,-29,-29,-27,0,0,-4,0,0,-1,0,0,59,59,59,60,65,65,65,65,65,71,79,9,10,10,10,10,13,4,25,0,0,0,0,0,8,8,8,0,0,0,0,0,12,0,0,0,14,0,0,0,0,0,0,0,0,0]} 1. e4 e5 2. Nf3 Nc6 3. Nc3 Nf6 4. d4 exd4 5. Nxd4 Bb4 6. Nxc6 bxc6 7. Bd3 O-O 8. O-O d5 9. exd5 cxd5 10. Bg5 c6 11. Qf3 Bd6 12. Rfe1 Rb8 13. Rab1 h6 {C47: Scotch Four Knights and Four Knights with 4 g3} 14. Bxf6 Qxf6 15. Qxf6 gxf6 16. Ne2 c5 {...c4 is the strong threat.} (16... Be5 17. b3 Be6 18. Ng3 Rfe8 19. Nf5 h5 20. Rbd1 c5 21. Ne3 {½-½ (54) Le Roux,J (2551)-Fressinet,L (2715) Belfort 2012}) 17. b3 Be6 18. c3 Rfe8 $146 ({Predecessor:} 18... Rfd8 19. Rbc1 a5 20. c4 d4 21. Rb1 {½-½ (45) Seyb,A (2314)-Levushkina,E (2324) Germany 2012}) 19. Rbc1 a5 {[%cal Ba7a5,Ba5a4][%mdl 32]} 20. c4 d4 21. Ng3 Bxg3 22. hxg3 a4 23. Bc2 Red8 24. Red1 Rb6 25. Rd2 axb3 26. axb3 Ra8 27. Kf1 Kg7 28. Ke1 Rbb8 29. Kd1 Bg4+ 30. f3 Be6 31. g4 Rh8 32. Be4 Ra3 33. Kc2 h5 34. Kb2 Ra6 35. gxh5 Rxh5 (35... f5 $5 {[%cal Rf5e4]} 36. Bd5 Rxh5 $15) 36. Ra1 Rxa1 37. Kxa1 $11 {[%mdl 4096] Endgame KRB-KRB} f5 38. Bd3 Rh1+ 39. Kb2 Re1 {[#]} ({Black should play} 39... Rh8 $11) 40. b4 $1 $14 {[%mdl 512]} cxb4 41. Kb3 Kf6 42. f4 Ke7 43. Kxb4 Kd6 44. Bc2 Kc6 {[#]} 45. Ba4+ (45. Bd1 $1 $16) 45... Kb6 $11 46. Rxd4 Re2 47. Rd6+ Kc7 48. Rc6+ Kb7 49. Kc5 {And now Bd1 would win.} Re4 $1 {[%cal Re4c4] The position is equal.} 50. Rb6+ Kc7 51. Rc6+ Kb7 $1 52. Bb5 {Threatening Ba6+.} Rxf4 53. Rd6 Kc7 54. Ra6 {Threatens to win with Ra7+.} Rg4 55. Ra2 Kd8 56. Rc2 Kc7 57. Ra2 Kd8 58. Rc2 Kc7 59. Rd2 Re4 60. Rf2 Re5+ 61. Kd4 Re4+ 62. Kc5 {Precision: White = 51%, Black = 72%.} 1/2-1/2

[Event "22nd ECCC Women 2017"]
[Site "Antalya"]
[Date "2017.10.11"]
[Round "2"]
[White "Mammadova, Gulnar"]
[Black "Batsiashvili, Nino"]
[Result "0-1"]
[WhiteElo "2385"]
[BlackElo "2472"]
[Annotator "TA"]
[PlyCount "114"]
[EventType "team-tourn"]
[EventCountry "TUR"]
[WhiteTeam "Odlar Yurdu"]
[BlackTeam "Batumi"]

{[%evp 22,114,35,25,33,47,43,21,48,52,56,50,70,68,146,131,145,140,151,147,187,140,116,40,41,40,43,33,40,38,47,59,33,-29997,-143,-146,-146,-146,-146,-148,-128,-128,-128,-128,-128,-143,-110,-121,-122,-115,-114,-152,-150,-158,-131,-214,-132,-329,-326,-443,-443,-373,-373,-503,-362,-962,-940,-1449,-1444,-1425,-1133,-3113,-2846,-2503,-2491,-2585,-2230,-5643,-5597,-29974,-29971,-29971,-12791,-29978,-29977,-29978,-29979,-29979,-29980,-29980,-29981,-29982,-29983,-29984,-29985]} 1. e4 e5 2. Nf3 Nc6 3. Bc4 Nf6 4. d3 Bc5 5. O-O a6 6. c3 d6 7. Re1 h6 8. Bb3 Ba7 9. Nbd2 {[%cal Bb1d2,Bd2f1,Bf1g3,Bg3f5][%mdl 32]} O-O 10. h3 Ne7 11. Nf1 Ng6 12. Ng3 c6 {C54: Giuoco Piano: 4 c3 Nf6, main lines with 5 d4 and 5 d3} 13. d4 Re8 14. Bc2 Qc7 {The position is equal.} 15. Be3 Be6 16. Qd2 Rad8 17. Nf5 (17. Rad1 b5 18. b3 Bb6 19. Qc1 Bc8 {½-½ (58) Anand,V (2779)-Nakamura,H (2779) Saint Louis 2016}) 17... d5 {[#]} (17... Bxf5 $14 18. exf5 Nf4) 18. Nxg7 $1 $16 {[%mdl 512]} Kxg7 19. Bxh6+ {[#]} Kh8 $146 ({Predecessor:} 19... Kg8 20. exd5 Bxd5 21. Nxe5 {½-½ (57) Areshchenko,A (2644)-Sutovsky,E (2629) Gibraltar 2007}) 20. exd5 Bxd5 21. Bxg6 fxg6 22. Nxe5 ({White should play} 22. Bg5 $1 $16 {[%cal Rg5f6]} Rf8 23. dxe5 (23. Nxe5 Qh7 $16)) 22... Ne4 $14 23. Qc2 Rxe5 24. Bf4 Rf8 ({Of course not} 24... Rde8 $6 25. Re2 $16) 25. Bxe5+ Qxe5 26. dxe5 Rxf2 {( -> ...Rf1+!)} 27. Qa4 $2 {[%mdl 8192] [#]} (27. Qxe4 $14 Bxe4 28. Rxe4 Re2+ 29. Rd4 Rxb2 30. Rf1) 27... Ng3 $2 (27... Rf1+ $1 {[%mdl 512] mates} 28. Kh2 (28. Kxf1 Ng3#) 28... Bg1+ 29. Kh1 Ng3#) 28. Qh4+ $17 Kg7 {[%csl Gd5][%cal Rf2g2]} 29. Qe7+ Rf7+ 30. Kh2 Nf1+ 31. Rxf1 Rxe7 32. Rfe1 Bb8 33. Re3 Bxe5+ 34. g3 Bf6 35. Rxe7+ Bxe7 36. b3 b5 37. h4 Ba3 38. Re1 (38. Rb1 $17 {is a better defense.}) 38... a5 {[%cal Ba6a5,Ba5a4,Ba4a3][%mdl 32]} 39. Re3 $2 (39. Re2 $17) 39... Bb2 $19 40. g4 a4 41. Kg3 Kf7 42. h5 g5 43. Kf2 $2 (43. Re5 axb3 44. axb3) 43... a3 44. Ke2 {[#]} Bxb3 $1 {[%mdl 512]} 45. Rf3+ (45. axb3 a2) 45... Kg7 46. Kd2 Bxa2 47. Kc2 Be6 48. h6+ Kh7 49. Rf6 Bxg4 50. Rxc6 Bf5+ 51. Kb3 g4 (51... Bd3 $142 52. Rc5 Kxh6 53. Rc6+ Kh5 54. Rc5 Kh4 55. Re5 Bc4+ 56. Kc2 g4 57. Re7 g3 58. Re4+ Kh3 59. Re3 Kh2 60. Re5 g2 61. Rh5+ Kg1 62. Rg5 Kf2 63. Rf5+ Kg3 64. Rg5+ Kf2 65. Rf5+ Kg3 66. Re5 g1=Q 67. Rg5+ Kf2 68. Rxg1 Kxg1 69. Kd2 a2 70. Ke3 a1=Q 71. Kf3 Qf1+ 72. Kg3 Be6 73. Kh4 Qf4+ 74. Kh5 Bf7#) 52. Rf6 Bd3 {Black mates.} 53. Rf4 Be2 54. Re4 Bd1+ 55. Ka2 Kxh6 56. Re1 Bf3 57. Kb3 g3 {Precision: White = 30%, Black = 70%.} 0-1

[Event "22nd ECCC Women 2017"]
[Site "Antalya"]
[Date "2017.10.09"]
[Round "2"]
[White "Badelka, Olga"]
[Black "Sandu, Mihaela"]
[Result "1-0"]
[WhiteElo "2353"]
[BlackElo "2278"]
[Annotator "NA"]
[PlyCount "83"]
[EventType "team-tourn"]
[EventCountry "TUR"]
[SourceTitle "playchess.com"]
[Source "ChessBase"]
[SourceQuality "1"]
[WhiteTeam "Bossa Nova"]
[BlackTeam "Timisoara"]
[TimeControl "40/5400+30:1800+30"]

1. d4 {[%emt 0:00:30]} Nf6 {[%emt 0:01:00]} 2. c4 {[%emt 0:00:30]} g6 {[%emt 0:00:30]} 3. Nc3 {[%emt 0:00:00]} Bg7 {[%emt 0:00:30]} 4. e4 {[%emt 0:00:00]} d6 {[%emt 0:00:00]} 5. Nge2 {[%emt 0:00:00] LiveBook: 1153 Games} Nbd7 {[%emt 0:01:00]} 6. Ng3 {[%emt 0:01:00]} h5 {[%emt 0:01:30] E70: King's Indian: Miscellaneous lines with 4 e4, including 5 Nge2 and 5 Bd3 0-0 6 Nge2} (6... e5 7. d5 h5 8. Bg5 h4 9. Nge2 Nc5 10. f3 a5 11. Qd2 Bd7 12. Nc1 Qe7 13. Nd3 Nxd3+ 14. Bxd3 h3 {1-0 (46) Bologan,V (2640)-Saric,I (2652) Tallinn 2016}) 7. Be2 {[%emt 0:00:30]} a6 {[%emt 0:02:30]} 8. f4 $146 {[%emt 0:09:30]} ({Predecessor:} 8. h4 c5 9. Be3 Ng4 10. Bxg4 hxg4 11. h5 cxd4 12. Bxd4 Ne5 13. Nd5 Be6 14. Bb6 {½-½ (30) Vafiadis,K (2299)-Dochev,D (2404) Achaea 2012}) 8... h4 {[%emt 0:00:30]} 9. Nf1 {[%emt 0:00:00]} e5 {[%emt 0:10:30]} 10. fxe5 {[%emt 0:01:00]} dxe5 {[%emt 0:00:30]} 11. d5 {[%emt 0:00:30]} Nh5 {[%emt 0:02:30]} 12. g3 {[%emt 0:06:30]} Ndf6 {[%emt 0:06:30]} 13. Bg5 {[%emt 0:04:30]} Qd7 {[%emt 0:06:30]} 14. Qd3 {[%emt 0:16:30]} Qh3 {[%emt 0:12:30]} 15. Rg1 {[%emt 0:05:30]} hxg3 {[%emt 0:07:30]} 16. hxg3 {[%emt 0:00:30]} O-O {[%emt 0:00:30]} 17. O-O-O {[%emt 0:01:30]} Bg4 {[%emt 0:01:30]} 18. Bxg4 {[%emt 0:10:30]} Qxg4 {[%emt 0:00:30]} 19. Bd2 {[%emt 0:00:30]} Nf4 {[%emt 0:14:30]} 20. Qe3 {[%emt 0:01:30]} Nh3 {[%emt 0:00:30]} 21. Nh2 {[%emt 0:04:30]} Qd7 {[%emt 0:01:30]} 22. Rh1 {[%emt 0:00:30]} c5 {[%emt 0:03:30]} 23. Qe2 {[%emt 0:02:30]} b5 {[%emt 0:05:54]} 24. Be3 $14 {[%emt 0:03:30]} (24. Rde1 $18) 24... b4 {[%emt 0:00:33]} 25. Nb1 {[%emt 0:02:30]} Nxe4 {[%emt 0:00:29]} 26. Qg2 {[%emt 0:01:30]} Neg5 {[%emt 0:01:28]} 27. Nf3 {[%emt 0:03:30]} Qg4 {[%emt 0:00:31]} 28. Nxg5 {[%emt 0:03:30]} Nxg5 {[%emt 0:00:07]} 29. Nd2 {[%emt 0:00:30]} f5 {[%emt 0:03:48]} 30. Rh4 {[%emt 0:00:30]} Qxd1+ {[%emt 0:05:44]} 31. Kxd1 {[%emt 0:00:30]} Nf7 {[%emt 0:00:02]} 32. Bxc5 {[%emt 0:01:30]} Rfc8 {[%emt 0:00:04]} 33. Bxb4 {[%emt 0:02:17]} Rab8 {[%emt 0:03:42]} 34. Bc3 {[%emt 0:00:39]} a5 {[%emt 0:00:05]} 35. g4 {[%emt 0:00:05]} f4 {[%emt 0:00:29]} 36. Qe4 {[%emt 0:01:06]} Rb6 {[%emt 0:00:10]} 37. Bxa5 {[%emt 0:01:16]} Ra6 {[%emt 0:01:44]} 38. b4 {[%emt 0:01:31]} Re8 {[%emt 0:01:16]} 39. c5 {[%emt 0:00:25]} Rf6 {[%emt 0:01:36]} 40. d6 {[%emt 0:00:00]} f3 {[%emt 0:01:18]} 41. d7 {[%emt 0:01:11]} Rf8 {[%emt 0:00:30]} 42. Nxf3 {[%emt 0:01:30]} 1-0

[Event "22nd ECCC Women 2017"]
[Site "Antalya"]
[Date "2017.10.10"]
[Round "2"]
[White "Savina, Anastasia"]
[Black "Kovanova, Baira"]
[Result "1/2-1/2"]
[WhiteElo "2350"]
[BlackElo "2371"]
[Annotator "ChessBase"]
[PlyCount "83"]
[EventType "team-tourn"]
[EventCountry "TUR"]
[SourceTitle "playchess.com"]
[Source "ChessBase"]
[SourceQuality "1"]
[WhiteTeam "Legacy Square Capital"]
[BlackTeam "UGRA"]
[TimeControl "40/5400+30:1800+30"]

1. d4 {[%emt 0:00:30]} Nf6 {[%emt 0:01:00]} 2. c4 {[%emt 0:00:30]} e6 {[%emt 0:00:00]} 3. Nc3 {[%emt 0:00:00]} Bb4 {[%emt 0:00:00]} 4. e3 {[%emt 0:00:00]} O-O {[%emt 0:00:30]} 5. Bd3 {[%emt 0:00:00]} d5 {[%emt 0:00:00]} 6. Nge2 {[%emt 0:03:00]} c5 {[%emt 0:01:00]} 7. cxd5 {[%emt 0:00:30]} cxd4 {[%emt 0:01:30]} 8. exd4 {[%emt 0:00:30]} exd5 {[%emt 0:01:30]} 9. O-O {[%emt 0:03:30]} h6 {[%emt 0:01:30]} 10. Nf4 {[%emt 0:06:30]} Nc6 {[%emt 0:04:30]} 11. Bc2 {[%emt 0:03:30]} Ba5 {[%emt 0:04:30]} 12. a3 {[%emt 0:06:30]} Bb6 {[%emt 0:04:30]} 13. Be3 {[%emt 0:06:30]} Ne7 {[%emt 0:07:30]} 14. h3 {[%emt 0:16:30]} Bf5 {[%emt 0:05:30]} 15. Bb3 {[%emt 0:04:30]} Qd6 {[%emt 0:08:30]} 16. Rc1 {[%emt 0:06:30]} a6 {[%emt 0:02:30]} 17. Nfe2 {[%emt 0:15:30]} Ng6 {[%emt 0:11:30]} 18. Ng3 {[%emt 0:01:30]} Be6 {[%emt 0:02:30]} 19. Bc2 {[%emt 0:03:48]} Bc7 {[%emt 0:06:30]} 20. f4 {[%emt 0:06:36]} Rae8 {[%emt 0:03:30]} 21. Qf3 {[%emt 0:04:54]} Bd7 {[%emt 0:02:30]} 22. Bd3 {[%emt 0:03:00]} Re7 {[%emt 0:03:30]} 23. Nce2 {[%emt 0:02:03]} Nh4 {[%emt 0:10:29]} 24. Qf2 {[%emt 0:00:25]} Rfe8 {[%emt 0:04:37]} 25. Bd2 {[%emt 0:00:22]} a5 {[%emt 0:01:28]} 26. Rxc7 {[%emt 0:05:16]} Qxc7 {[%emt 0:00:55]} 27. f5 {[%emt 0:00:12]} Nxf5 {[%emt 0:04:22]} 28. Nxf5 {[%emt 0:00:52]} Bxf5 {[%emt 0:00:03]} 29. Qxf5 {[%emt 0:00:17]} Rxe2 {[%emt 0:00:06]} 30. Bxe2 {[%emt 0:00:30]} Rxe2 {[%emt 0:00:05]} 31. Rc1 {[%emt 0:00:42]} Qg3 {[%emt 0:04:54]} 32. Rc8+ {[%emt 0:00:30]} Ne8 {[%emt 0:00:05]} 33. Qxd5 {[%emt 0:00:00]} Rxd2 {[%emt 0:00:34]} 34. Rxe8+ {[%emt 0:00:24]} Kh7 {[%emt 0:00:02]} 35. Qf5+ {[%emt 0:01:24]} Qg6 {[%emt 0:00:05]} 36. Qxg6+ {[%emt 0:00:12]} Kxg6 {[%emt 0:00:05]} 37. Re5 {[%emt 0:00:28]} Rxb2 {[%emt 0:03:06]} 38. Rxa5 {[%emt 0:00:01]} f5 {[%emt 0:00:27]} 39. d5 {[%emt 0:00:50]} Kf6 {[%emt 0:00:46]} 40. d6 {[%emt 0:00:00]} Rd2 {[%emt 0:01:51]} 41. Rb5 {[%emt 0:05:44]} Rxd6 {[%emt 0:01:30]} 42. Rxb7 {[%emt 0:00:30]} 1/2-1/2

[Event "22nd ECCC Women 2017"]
[Site "Antalya"]
[Date "2017.10.09"]
[Round "2"]
[White "Cosma, Elena-Luminita"]
[Black "Zaiatz, Elena"]
[Result "1/2-1/2"]
[WhiteElo "2333"]
[BlackElo "2334"]
[Annotator "NA"]
[PlyCount "60"]
[EventType "team-tourn"]
[EventCountry "TUR"]
[SourceTitle "playchess.com"]
[Source "ChessBase"]
[SourceQuality "1"]
[WhiteTeam "Timisoara"]
[BlackTeam "Bossa Nova"]
[TimeControl "40/5400+30:1800+30"]

1. d4 {[%emt 0:00:30]} Nf6 {[%emt 0:01:00]} 2. Nf3 {[%emt 0:00:00]} g6 {[%emt 0:00:30]} 3. Nbd2 {[%emt 0:02:00]} d5 {[%emt 0:00:30]} 4. e3 {[%emt 0:00:30]} Bg7 {[%emt 0:00:00]} 5. b4 {[%emt 0:01:30]} O-O {[%emt 0:06:00]} 6. Be2 {[%emt 0:02:30]} Nfd7 {[%emt 0:09:30]} 7. c4 {[%emt 0:08:30]} e5 {[%emt 0:25:30]} 8. O-O {[%emt 0:05:30]} e4 {[%emt 0:08:30]} 9. Ne1 {[%emt 0:00:30]} c6 {[%emt 0:00:30]} 10. Qb3 {[%emt 0:05:30]} a5 {[%emt 0:04:30]} 11. a4 $15 {[%emt 0:11:30]} ({Better is} 11. b5 $11) 11... axb4 {[%emt 0:13:30]} 12. cxd5 {[%emt 0:03:30]} Nc5 {[%emt 0:01:30]} 13. Qb1 {[%emt 0:07:30]} Nxa4 {[%emt 0:05:30]} 14. Qxb4 {[%emt 0:01:30]} b5 {[%emt 0:00:30]} 15. Nxe4 {[%emt 0:07:30]} Na6 {[%emt 0:01:15]} 16. Qd2 {[%emt 0:02:30]} Re8 {[%emt 0:04:47]} 17. Ng3 {[%emt 0:04:30]} Qxd5 {[%emt 0:00:46]} 18. Nd3 {[%emt 0:05:30]} Qd7 {[%emt 0:02:05]} 19. Ba3 {[%emt 0:04:30]} c5 {[%emt 0:01:10]} 20. Bxc5 {[%emt 0:05:33]} Bb7 {[%emt 0:00:07]} 21. Rac1 {[%emt 0:01:17]} h5 {[%emt 0:00:31]} 22. Bf3 {[%emt 0:06:10]} Bxf3 {[%emt 0:02:43]} 23. gxf3 {[%emt 0:00:30]} h4 {[%emt 0:00:00]} 24. Ne4 {[%emt 0:00:59]} Rxe4 {[%emt 0:02:33]} 25. fxe4 {[%emt 0:02:13]} N6xc5 {[%emt 0:02:43]} 26. dxc5 {[%emt 0:01:45]} Qg4+ {[%emt 0:00:45]} 27. Kh1 {[%emt 0:00:30]} Qf3+ {[%emt 0:00:00]} 28. Kg1 {[%emt 0:00:00]} Qg4+ {[%emt 0:00:00]} 29. Kh1 {[%emt 0:00:17]} Qf3+ {[%emt 0:00:25]} 30. Kg1 {[%emt 0:00:00]} Qg4+ {[%emt 0:00:28]} 1/2-1/2

[Event "22nd ECCC Women 2017"]
[Site "Antalya"]
[Date "2017.10.11"]
[Round "2"]
[White "Mamedjarova, Zeinab"]
[Black "Dzagnidze, Nana"]
[Result "1-0"]
[WhiteElo "2298"]
[BlackElo "2520"]
[Annotator "TA"]
[PlyCount "95"]
[EventType "team-tourn"]
[EventCountry "TUR"]
[WhiteTeam "Odlar Yurdu"]
[BlackTeam "Batumi"]

{[%evp 13,95,5,15,10,13,10,0,6,40,10,6,0,0,0,16,17,17,12,6,0,14,17,43,28,21,22,28,-14,-8,-28,-12,-40,-9,-79,-78,-83,-99,-283,-277,-383,-91,-91,-92,-92,-92,-92,-76,-455,-437,-446,-101,-103,0,0,35,43,43,48,175,165,128,154,625,614,926,894,1031,961,1284,1225,3486,1766,29987,29988,29988,29971,29990,29991,29991,29992,29992,29993,29993,12338]} 1. d4 Nf6 2. Nf3 d5 3. e3 c5 4. b3 Nc6 5. Bb2 Bg4 6. Be2 e6 7. O-O Bd6 {LiveBook: 5 Partien. A06: Zukertort-Eröffnung} (7... Rc8 8. c4 dxc4 9. bxc4 cxd4 10. exd4 Bd6 11. h3 Bh5 12. Nbd2 O-O 13. Ne5 Qb6 14. Bxh5 Qxb2 15. Bxf7+ Rxf7 16. Nxf7 Kxf7 {½-½ (31) Spreemann,R (2460)-Zidu,J (2533) Remote email 2014}) 8. dxc5 Bxc5 9. Nbd2 O-O {Die Stellung ist ausgeglichen.} 10. c4 dxc4 11. Nxc4 Qe7 12. Nd4 $146 ({Vorgänger:} 12. Nfe5 Nxe5 13. Bxe5 Rfd8 14. Qc2 Bf5 15. Qb2 {0-1 (34) Gajdzica,M-Andrejczuk,M Kolobrzeg 2001}) 12... Bxd4 13. Bxd4 Bf5 14. Bb2 Rfd8 15. Qe1 Nd5 16. a3 e5 17. Rc1 e4 18. Kh1 Rd7 19. f4 {Droht g4 und aus.} exf3 20. Rxf3 (20. Bxf3 $5 {[%cal Re3e4]} Bd3 21. Qg3 $11 (21. Bxd5 Rxd5 22. Rf4 f6 $17)) 20... Bg6 21. Qg3 Re8 22. b4 a6 23. Qh3 (23. h4 $11 {hält das Gleichgewicht.} f6 24. Rf2) 23... Rdd8 $17 24. Qg3 b5 25. Nb6 $2 (25. Nd2 $17) 25... Nxe3 $19 26. h3 {[#]} (26. Rxc6 Nf5 $19) 26... Nf5 $2 (26... Nxg2 $1 $19 {[%mdl 512] bietet bessere Gewinnchancen.} 27. Rf2 (27. Qxg2 Qxe2) 27... Nh4) 27. Rxf5 $17 {Schwarz muss nun Lf3 beachten.} Qxe2 28. Rf2 Qe6 {Droht stark ...f6.} 29. Qc3 {[%csl Gb2][%cal Rc3g7]} Ne5 30. Re2 $2 {[%mdl 8192]} (30. Qxe5 $17 Qxe5 31. Bxe5 Rxe5 32. Rd2) 30... f6 $19 ({Nicht} 30... Qxb6 31. Rxe5 Rxe5 32. Qxe5 $17) 31. Qc5 Bf5 $2 (31... Bh5 $19 {und Schwarz behält klar die Oberhand.} 32. Ree1 Bf3 $1 {[%mdl 512]}) 32. Rce1 $17 {[%cal Rb2e5] [#]} Bd3 (32... Bxh3 $1 $17 {[%mdl 512]} 33. Bxe5 (33. gxh3 Qxh3+) 33... Bg4 34. Bxf6 Bxe2 35. Bxd8 Rxd8) 33. Re3 $36 {[%cal Rb2e5][%mdl 2048] Weiss drückt.} Qf5 34. Nd5 {Und Lxe5 würde nun gewinnen.} Qd7 35. Nc7 Rc8 ({Lieber} 35... Re7 $14 36. Bxe5 Rxe5 37. Rxe5 fxe5) 36. Nxe8 $18 Rxc5 37. bxc5 Nc6 $2 (37... Qxe8 {[#]} 38. Rxd3 $1 {[%mdl 512]} h6 39. Bxe5) (37... h6 $16) 38. Rd1 h5 39. Rdxd3 Qf5 40. Rg3 Qf1+ 41. Kh2 h4 42. Nxf6+ Kh8 43. Rg4 {[%cal Rg4h4] Weiß setzt Matt.} gxf6 44. Rf3 Qb1 45. Rxf6 {[%cal Rf6h6]} Kh7 46. Rf7+ Kh6 47. Bg7+ Kh5 48. Rf8 {Precision: Weiß = 39%, Schwarz = 35%.} (48. Rf6 $142 Qh7 49. Rxc6 b4 50. Re6 Qxg7 51. Rxg7 bxa3 52. Rg4 a5 53. Re8 Kh6 54. Rh8#) 1-0